000 00897nas a2200289 4500
001 BR2013002791
003 BR-BrBNA
005 20231205122153.0
007 ta
008 230509b bl.|||p| |||| 00| 00por d
040 _aBR-BrBNA
_bpor
_cBiblioteca Nacional de Agricultura
041 _a(Pt)
072 _aF01; E16
100 1 _aLanna, G.B.M.
100 1 _aReis, R.P.
245 1 _aInfluência da mecanização da colheita na viabilidade econômico-financeira da xafeicultura no sul de Minas Gerais
650 _aCAFE
650 _aCAFEICULTURA
650 _aCOLHEITA
650 _aMECANIZAÇÃO AGRÍCOLA
650 _aANÁLISE ECONÔMICA
650 _aCUSTO DE PRODUÇÃO
650 _aMINAS GERAIS
773 0 _tCoffee Science (Brazil)
_xISSN 1809-6875
_g(May-Aug 2012), v. 7(2) p. 110-121
_wBR2013002791
909 _a202311
_bLúcia
_c55
_dLúcia Elande
942 _2AGRIS
_n0
_cANA
999 _c227270
_d227270